[Event "RSA-ch U10"]
[Site "Gauteng"]
[Date "2017.04.06"]
[Round "2"]
[White "Fourie, Keanan"]
[Black "Kotze, Christiaan"]
[Result "0-1"]
[WhiteElo "1041"]
[BlackElo "1235"]
[PlyCount "55"]
[EventDate "2017.04.05"]
[EventType "swiss"]
[EventRounds "11"]
[EventCountry "RSA"]
[SourceTitle "CBM 177 Extra"]
[Source "ChessBase"]
[SourceDate "2017.04.27"]
[SourceVersion "1"]
[SourceVersionDate "2017.04.27"]
[SourceQuality "1"]

1. e4 d5 2. exd5 Nf6 3. Nf3 Nxd5 4. Bc4 Bg4 5. d4 e6 6. b3 Bb4+ 7. Bd2 Bxd2+ 8. Nbxd2 Nc3 9. Qc1 Nc6 10. Qb2 Nd5 11. 0-0-0 a6 12. h3 Bxf3 13. Nxf3 Qd7 14. Ne5 Nxe5 15. dxe5 0-0-0 16. Be2 Qc6 17. Bf3 Qc5 18. Bxd5 Rxd5 19. Rxd5 Qxd5 20. f3 Rd8 21. Rg1 h6 22. Kb1 Qc5 23. Rf1 Rd2 24. g3 Rf2 25. Qc1 Rxf1 26. Qxf1 Qxe5 27. f4 Qc5 28. Kb2 0-1

[Event "RSA-ch U10"]
[Site "Bloemfontein"]
[Date "2016.03.23"]
[Round "7"]
[White "Kotze, Christiaan"]
[Black "Stuurman, Neo"]
[Result "0-1"]
[WhiteElo "1280"]
[BlackElo "1151"]
[PlyCount "63"]
[EventDate "2016.03.20"]
[EventType "swiss"]
[EventRounds "11"]
[EventCountry "RSA"]
[SourceTitle "CBM 171 Extra"]
[Source "ChessBase"]
[SourceDate "2016.04.26"]
[SourceVersion "1"]
[SourceVersionDate "2016.04.26"]
[SourceQuality "1"]

1. e4 d5 2. exd5 Qxd5 3. Nc3 Qa5 4. Nf3 Bg4 5. Bc4 c6 6. 0-0 Nf6 7. h3 Bh5 8. Be2 e6 9. Nd4 Bxe2 10. Qxe2 c5 11. Nb3 Qb6 12. Na4 Qa6 13. Qxa6 Nxa6 14. Naxc5 Nxc5 15. Nxc5 b6 16. Na6 Kd7 17. Nb4 a5 18. Nd3 Nd5 19. a3 Rc8 20. Ne5+ Ke7 21. d3 f6 22. Nc4 b5 23. Ne3 Nb6 24. Re1 e5 25. b4 axb4 26. axb4 f5 27. c4 bxc4 28. Nxc4 Nxc4 29. dxc4 Rxc4 30. Rd1 Ke8 31. Re1 Rc2 32. Rb1 0-1

[Event "RSA-ch U08"]
[Site "Waterkloof"]
[Date "2015.04.09"]
[Round "9"]
[White "Bester, Ethan"]
[Black "Kotze, Christiaan"]
[Result "0-1"]
[WhiteElo "837"]
[BlackElo "993"]
[PlyCount "86"]
[EventDate "2015.04.04"]
[EventType "swiss"]
[EventRounds "9"]
[EventCountry "RSA"]
[SourceTitle "CBM 166 Extra"]
[Source "ChessBase"]
[SourceDate "2015.06.18"]
[SourceVersion "1"]
[SourceVersionDate "2015.06.18"]
[SourceQuality "1"]

1. e4 d5 2. exd5 Nf6 3. d4 Bg4 4. Bb5+ Bd7 5. Bc4 Bg4 6. Nf3 Nxd5 7. Bxd5 Qxd5 8. Nc3 Qd6 9. Nb5 Qc6 10. Nc3 e6 11. Qd2 Bxf3 12. d5 Bxd5 13. Nxd5 Qxd5 14. Qc3 Na6 15. 0-0 Qc6 16. Qg3 0-0-0 17. Be3 Qd5 18. Bg5 f6 19. Be3 e5 20. Qg4+ Qd7 21. Qe4 Nc5 22. Qf3 Qd5 23. Qg4+ Qe6 24. Qb4 Na6 25. Qe4 Bc5 26. Bf4 Rd4 27. Qe2 Rxf4 28. Rad1 Qc4 29. Qd2 Rd4 30. Qe1 Rhd8 31. b3 Qxc2 32. Ra1 Rd2 33. Rc1 Qxa2 34. Rb1 Rxf2 35. Rxf2 Bxf2+ 36. Qxf2 Qxb1+ 37. Qf1 Rd1 38. Qxd1 Qxd1+ 39. Kf2 Nc5 40. b4 Ne4+ 41. Ke3 f5 42. g3 Qd2+ 43. Kf3 Ng5# 0-1

[Event "RSA-ch U08"]
[Site "Waterkloof"]
[Date "2015.04.08"]
[Round "7"]
[White "Wolfaard, Stephan"]
[Black "Kotze, Christiaan"]
[Result "0-1"]
[WhiteElo "983"]
[BlackElo "993"]
[PlyCount "66"]
[EventDate "2015.04.04"]
[EventType "swiss"]
[EventRounds "9"]
[EventCountry "RSA"]
[SourceTitle "CBM 166 Extra"]
[Source "ChessBase"]
[SourceDate "2015.06.18"]
[SourceVersion "1"]
[SourceVersionDate "2015.06.18"]
[SourceQuality "1"]

1. e4 d5 2. exd5 Nf6 3. Bb5+ Bd7 4. Bxd7+ Nbxd7 5. c4 Nb6 6. b3 g6 7. Nf3 Bg7 8. Nc3 0-0 9. 0-0 a6 10. Re1 Re8 11. d3 Qd6 12. Be3 Nbd7 13. c5 Nxc5 14. d4 Ncd7 15. Ne5 Nxd5 16. Nxd5 Qxd5 17. Nxd7 Qxd7 18. Rc1 Rac8 19. Rc2 c6 20. Rd2 Rcd8 21. Rd3 c5 22. Re2 e5 23. Bg5 f6 24. Red2 exd4 25. Be3 Qe7 26. h3 f5 27. g3 dxe3 28. fxe3 Rxd3 29. Rxd3 b5 30. Rd7 Qxe3+ 31. Kf1 Bd4 32. Qc2 Qf3+ 33. Qf2 Qxf2# 0-1

[Event "RSA-ch U08"]
[Site "Waterkloof"]
[Date "2015.04.07"]
[Round "6"]
[White "Van Schaik, Migael"]
[Black "Kotze, Christiaan"]
[Result "1-0"]
[WhiteElo "1024"]
[BlackElo "993"]
[PlyCount "95"]
[EventDate "2015.04.04"]
[EventType "swiss"]
[EventRounds "9"]
[EventCountry "RSA"]
[SourceTitle "CBM 166 Extra"]
[Source "ChessBase"]
[SourceDate "2015.06.18"]
[SourceVersion "1"]
[SourceVersionDate "2015.06.18"]
[SourceQuality "1"]

1. e4 d5 2. exd5 Nf6 3. d4 Bg4 4. Nf3 Bxf3 5. Qxf3 c6 6. dxc6 Nxc6 7. Bb5 Qa5+ 8. Nc3 Qb6 9. 0-0 e6 10. Be3 Qc7 11. d5 Bd6 12. dxc6 0-0 13. cxb7 Rab8 14. Bxa7 Rxb7 15. Bd4 e5 16. Be3 Bb4 17. Bd3 Bxc3 18. bxc3 Qe7 19. Bc5 Qxc5 20. Qxb7 e4 21. Bxe4 Nxe4 22. Qxe4 Qxc3 23. Rab1 Qa3 24. Rfe1 f6 25. Qe6+ Kh8 26. Rb8 Rxb8 27. Qe8+ Qf8 28. Qxf8+ Rxf8 29. a4 Kg8 30. a5 h6 31. a6 Kh7 32. a7 Kg6 33. Ra1 Ra8 34. c4 Kf7 35. Kf1 Ke6 36. Ke2 Kd6 37. Kd3 Kc5 38. Kc3 Kc6 39. Kb4 Kb6 40. c5+ Kc6 41. Ra6+ Kb7 42. Kb5 Rxa7 43. c6+ Ka8 44. c7 Rxa6 45. c8Q+ Ka7 46. Qxa6+ Kb8 47. Kc6 g5 48. Qb7# 1-0

[Event "RSA-ch U08"]
[Site "Waterkloof"]
[Date "2015.04.04"]
[Round "2"]
[White "Kotze, Christiaan"]
[Black "Van Straaten, Matthys"]
[Result "1-0"]
[WhiteElo "993"]
[BlackElo "694"]
[PlyCount "45"]
[EventDate "2015.04.04"]
[EventType "swiss"]
[EventRounds "9"]
[EventCountry "RSA"]
[SourceTitle "CBM 166 Extra"]
[Source "ChessBase"]
[SourceDate "2015.06.18"]
[SourceVersion "1"]
[SourceVersionDate "2015.06.18"]
[SourceQuality "1"]

1. e4 e5 2. Nf3 Nc6 3. Bc4 Bc5 4. b4 Bxb4 5. c3 Bc5 6. d4 exd4 7. 0-0 Nf6 8. Qb3 Na5 9. Bxf7+ Kf8 10. Qb5 b6 11. Bd5 Rb8 12. Qd3 dxc3 13. Nxc3 Ng4 14. Ng5 Nxf2 15. Qf3+ Qf6 16. Nb5 Nh3+ 17. Kh1 Nxg5 18. Qxf6+ gxf6 19. Bxg5 Rg8 20. Rxf6+ Ke7 21. Rxb6+ Kf8 22. Rf1+ Ke8 23. Nxc7# 1-0